ラーメン二郎の店舗名 - Statistics

General Stats
  • This quiz has been taken 498 times
    326 since last reset
  • The average score is 18 of 44
Answer Stats
Answer % Correct
三田
80%
目黒
67%
仙台
64%
札幌
62%
京都
61%
歌舞伎町
59%
神田神保町
53%
八王子野猿街道
50%
品川
47%
相模大野
45%
千葉
45%
亀戸
44%
立川
44%
新潟
44%
横浜関内
44%
京急川崎
42%
新宿小滝橋通り
42%
会津若松駅前
41%
41%
仙川
39%
ひばりヶ丘駅前
39%
生田駅前
38%
池袋東口
37%
西台駅前
37%
めじろ台
37%
大宮公園駅前
36%
上野毛
36%
川越
36%
環七新新代田
36%
中山駅前
36%
府中
36%
湘南藤沢
35%
栃木街道
35%
松戸駅前
34%
荻窪
33%
越谷
33%
千住大橋駅前
33%
一橋学園
32%
環七一之江
31%
京成大久保
31%
小岩
31%
桜台駅前
31%
ひたちなか
26%
前橋千代田町
18%
No matching quizzes found
Score Distribution
Percent of People with Each Score
Percentile by Number Answered
Your Score History
You have not taken this quiz since the last reset